00980nam a2200241 a 450000100100000000500170001000800410002704000250006808200160009310000350010924500650014426000460020930000210025549000240027650000630030050000470036350400370041083000310044704900090047895201140048795201200060199900170072100002096620200930011212.0100825s2000 dr 000 0 spa d aDO-SdBNPbspacBNPHU axxxxbS182c1 aSalvátor S. Ángelus94391210aCómo interpretar bien la biblia /cÁngelus Salvátor S. aSanto Domingo :bEditora Molinaga,c2000. a124 p. ;c21 cm.1 aHermenéutica 2000 aIncluye datos biográficos del autor en la contracubierto aUn curso de formación superior en biblia aIncluye bibliografías (p. 124) 0aHermenéutica 2000943913 aBNPD 0010718PDaPDbPDcCTd2010-08-25iLF1l0oxxxx S182cp20966-10r2020-06-25w2020-06-25yLFPDZNo se presta 0010718PDaPDbPDcCTd2010-08-25iLF1l0oxxxx S182cp20966-20r2020-06-25te. 2w2020-06-25yLFPDZNo se presta c20469d20469